000 00454nam a2200181Ia 4500
008 151202s9999||||xx |||||||||||||| ||und||
082 _bPNVM-19629
100 _aGOVT. OF INDIA.
245 _aBIG GAME HUNTING IN INDIA.
260 _bGOVT OF INDIA.
260 _c0
300 _a174
600 _aGOVT. OF INDIA.
630 _aBIG GAME HUNTING IN INDIA.
700 _aGOVT. OF INDIA.
730 _aBIG GAME HUNTING IN INDIA.
942 _cBOOK
999 _c1285609
_d1285606